Diástole y sístole los movimientos del corazón (Registro nro. 33214)
[ vista simple ]
| 000 -ENCABEZADO | |
|---|---|
| Número de control [NR] | 01419nam a2200241Ia 4500 |
| 008 - DE LONGITUD FIJA DE DATOS DE ELEMENTOS - INFORMACIÓN GENERAL | |
| Elementos de longitud fija [NR] | 130821s1999 ck gs spa |
| 040 ## - FUENTE DE CATALOGACION [NR] | |
| Agencia de catalogación original [NR] | Co-BoUCM |
| Idioma de catalogación [NR] | spa |
| 041 00 - CODIGO DE IDIOMA [R] | |
| Código de idioma para texto/pista de sonido o título separado [R] | Español |
| 092 ## - SIGNATURA TOPOGRAFICA LOCAL | |
| Número de clasificación local | CV 0597 |
| 092 ## - SIGNATURA TOPOGRAFICA LOCAL | |
| Número de clasificación local | DVD 0987 |
| 100 1# - ASIENTO PRINCIPAL--NOMBRE PERSONAL [NR] | |
| Nombre personal [NR] | Trompetero, Harold |
| Fechas asociadas con el nombre [NR] | 1971- |
| 245 10 - MENCION DE TITULO [NR] | |
| Título [NR] | Diástole y sístole los movimientos del corazón |
| Mención de responsabilidad, etc. [NR] | [videograbación] |
| -- | Harold Trompetero; producida por Jairo Serna |
| 260 ## - PUBLICACION, DISTRIBUCION, ETC. (PIE DE IMPRENTA) [R] | |
| Lugar de publicación, distribución, etc. [R] | Bogotá (Colombia) |
| Nombre del editor, distribuidor, etc. [R] | Ministerio de Cultura |
| Fecha de publicación, distribución, etc. [R] | 1999 |
| 300 ## - DESCRIPCION FISICA [R] | |
| Extensión [R] | 1 videocassette vhs [75 min] |
| Material acompañante [NR] | 1 DVD |
| 490 #3 - MENCION DE SERIE [R] | |
| Mención de serie [R] | La Maleta |
| Designación numérica/secuencial del volumen [NR] | I |
| Mención de serie [R] | Películas colombianas |
| 520 ## - NOTA DE RESUMEN, ETC. [R] | |
| Nota de sumario, etc. [NR] | Basada en una serie de episodios encaminados, como lo asegura su director, a exorcizar las taras, temores y fobias que circulan sobre el universo del amor común y corriente. Son 35 historias desarrolladas en un promedio de 2 minutos las que estructuran este largometraje, una tentativa de explicar el fracaso matrimonial a la manera de un rompecabezas que se organiza en transcurso de la trama, un crítico comentó que la pelicula "evidencia las pulsaciones de los encuentros y desencuentros que acaso asedien a cualquier pareja en este mundo de pasiones iconoclastas, quiz s nobles algunas de ellas". |
| 650 04 - ASIENTO SECUNDARIO DE MATERIA - TERMINO TEMATICO [R] | |
| Término temático o nombre geográfico como elemento de entrada [NR] | Amor en el cine |
| Subdivisión de forma [R] | Videograbaciones |
| 9 (RLIN) | 8920 |
| 650 04 - ASIENTO SECUNDARIO DE MATERIA - TERMINO TEMATICO [R] | |
| Término temático o nombre geográfico como elemento de entrada [NR] | Entretenimiento |
| 9 (RLIN) | 26487 |
| 650 04 - ASIENTO SECUNDARIO DE MATERIA - TERMINO TEMATICO [R] | |
| Término temático o nombre geográfico como elemento de entrada [NR] | Matrimonio |
| Subdivisión de forma [R] | Videograbaciones |
| 9 (RLIN) | 19082 |
| 650 04 - ASIENTO SECUNDARIO DE MATERIA - TERMINO TEMATICO [R] | |
| Término temático o nombre geográfico como elemento de entrada [NR] | Sociología |
| 9 (RLIN) | 386 |
| 700 1# - ASIENTO SECUNDARIO - NOMBRE PERSONAL [R] | |
| Nombre personal [NR] | Serna, Jairo |
| 942 ## - ELEMENTOS DE ENTRADA AGREGADOS (KOHA) | |
| Tipo de ítem principal el descrito en 300a | Multimedia |
| Sistema de clasificación | LOCAL |
| Tema principal | Sociología |
| Edición | 1 |
| Fecha de último préstamo | Total préstamos | Código de barras | Última vez visto | Volúmen / Fascículo | Ejemplar | Price effective from | Tipo de ítem | Perdido | Sistema de clasificación | Dañado | No prestable | Tipo de ítem específico | Suprimido | Ubicación habitual | Ubicación actual | Localización | Fecha de creación | Forma de adquisición | Costo | Total Renewals |
|---|---|---|---|---|---|---|---|---|---|---|---|---|---|---|---|---|---|---|---|---|
| 15/07/2017 | 4 | 100124768 | 10/12/2024 | DVD 0987 | Ej.2 | 03/02/2013 | Multimedia | DEWEY | DVD | Claustro | Claustro | Colección digital | 28/02/2012 | Donación | 0.00 | 5 | ||||
| 31/05/2012 | 100124767 | 09/12/2025 | DVD 0987 | Ej.1 | 03/02/2013 | Multimedia | LOCAL | Préstamo restringido | DVD | Procesos Técnicos | Procesos Técnicos (no para préstamo) | Procesos Técnicos | 28/02/2012 | Donación | 0.00 |